000 00624cam a22002293a 4500
001 14164
003 PGUSA
005 20140828083314.0
008 041126s2004||||xxu|||||s|||||000 1 eng d
040 _aPGUSA
_beng
042 _adc
050 4 _aPH
100 1 _aHahnsson, Sofia Theodolinda,
_d1838-1919
245 1 0 _aKaksi
_h[electronic resource] /
_cSofia Theodolinda Hahnsson
260 _bProject Gutenberg,
_c2004
506 _aPublic domain in the USA.
516 _aElectronic text
653 _aFiction
830 0 _aProject Gutenberg
_v14164
856 4 0 _uhttp://www.gutenberg.org/ebooks/14164
942 _cEB
999 _c243419
_d243419